[Event "Budapest Art Pub op 9th"]
[Site "Budapest"]
[Date "2015.11.22"]
[Round "6"]
[White "Fabian, Laszlo"]
[Black "Gyarmati, Karoly"]
[Result "1-0"]
[WhiteElo "1577"]
[BlackElo "1664"]
[PlyCount "76"]
[EventDate "2015.11.20"]
[EventType "swiss"]
[EventRounds "6"]
[EventCountry "HUN"]
[SourceTitle "CBM 169 Extra"]
[Source "ChessBase"]
[SourceDate "2015.12.18"]
[SourceVersion "1"]
[SourceVersionDate "2015.12.18"]
[SourceQuality "1"]

1. e4 g6 2. d4 Bg7 3. Nf3 d6 4. Bc4 Bg4 5. c3 Nf6 6. Bd3 Nbd7 7. h3 Bxf3 8. Qxf3 c6 9. 0-0 0-0 10. Nd2 e6 11. Rb1 a5 12. Nc4 Qc7 13. Qg3 e5 14. dxe5 dxe5 15. Be3 b5 16. Nd2 Rfd8 17. Be2 a4 18. a3 Bf8 19. h4 h5 20. Rbd1 Nc5 21. f3 Nd3 22. Bxd3 Rxd3 23. Bg5 Bc5+ 24. Kh1 Ng4 25. Qe1 Ne3 26. Bxe3 Rxe3 27. Qg3 Rd8 28. Qg5 Kg7 29. b4 axb3 30. Nxb3 f6 31. Qg3 Rxc3 32. Rxd8 Qxd8 33. Nxc5 Rxc5 34. Qf2 Rc3 35. Qa7+ Kh6 36. Kh2 Qd2 37. Qe7 Qa2 38. Qxf6 Qxa3 1-0

[Event "Budapest Art Pub op 9th"]
[Site "Budapest"]
[Date "2015.11.20"]
[Round "1"]
[White "Borhy, Marcell Boldizsar"]
[Black "Fabian, Laszlo"]
[Result "1-0"]
[WhiteElo "1970"]
[BlackElo "1577"]
[PlyCount "113"]
[EventDate "2015.11.20"]
[EventType "swiss"]
[EventRounds "6"]
[EventCountry "HUN"]
[SourceTitle "CBM 169 Extra"]
[Source "ChessBase"]
[SourceDate "2015.12.18"]
[SourceVersion "1"]
[SourceVersionDate "2015.12.18"]
[SourceQuality "1"]

1. d4 Nf6 2. c4 g6 3. Nf3 Bg7 4. g3 d6 5. Bg2 0-0 6. 0-0 c6 7. Nc3 Nbd7 8. e4 e5 9. h3 h6 10. Be3 Kh7 11. Qc2 Ng8 12. Rfd1 Qe7 13. Rac1 Ndf6 14. b4 Ne8 15. dxe5 Bxe5 16. Nxe5 Qxe5 17. Bf4 Qf6 18. Rd2 Be6 19. Ne2 Rd8 20. Rcd1 Qe7 21. c5 d5 22. Nd4 Ngf6 23. Nxe6 fxe6 24. Qc3 Rd7 25. Be5 Rf7 26. a3 Qd8 27. exd5 Nxd5 28. Qc2 Ng7 29. Bb2 Qe8 30. Re1 Nc7 31. Rde2 Nd5 32. Bxg7 Rxg7 33. Rxe6 Qf7 34. h4 Nf6 35. Bf3 h5 36. Qb2 Nd5 37. Bxd5 cxd5 38. Rd6 Qf5 39. Re5 Qg4 40. Rexd5 Rde7 41. Re5 Ref7 42. Qe2 Rf3 43. Rd3 Rxd3 44. Qxd3 a6 45. Rg5 Qc8 46. Rxh5+ Kg8 47. Rd5 Qe6 48. Rd6 Qg4 49. Kg2 Kh7 50. Qf3 Qc8 51. h5 g5 52. Qe4+ Kg8 53. Qe6+ Qxe6 54. Rxe6 Kf7 55. Rd6 Ke7 56. h6 Rh7 57. Kh3 1-0

[Event "Budapest FS07 FM-B"]
[Site "Budapest"]
[Date "2011.07.11"]
[Round "9"]
[White "Fabian, Laszlo"]
[Black "Zsembery, Aron"]
[Result "0-1"]
[WhiteElo "1728"]
[BlackElo "1856"]
[PlyCount "146"]
[EventDate "2011.07.02"]
[EventType "tourn"]
[EventRounds "10"]
[EventCountry "HUN"]
[SourceTitle "CBM 143 Extra"]
[Source "ChessBase"]
[SourceDate "2011.08.29"]
[SourceVersion "1"]
[SourceVersionDate "2011.08.29"]
[SourceQuality "1"]

1. e4 c6 2. Nc3 d5 3. d4 dxe4 4. Nxe4 Bf5 5. Ng3 Bg6 6. Nf3 Nd7 7. Bd3 e6 8. 0-0 Ngf6 9. h3 Bd6 10. Ne2 Qc7 11. Nc3 0-0 12. Nb1 c5 13. c3 Rfd8 14. Na3 a6 15. Nc4 cxd4 16. Nxd6 Qxd6 17. Bxg6 hxg6 18. cxd4 Nb6 19. Bg5 Nbd5 20. Rc1 Rac8 21. Re1 b5 22. g3 Rxc1 23. Qxc1 Nb4 24. Qd2 Nc6 25. Bxf6 gxf6 26. Qh6 Nxd4 27. Nh2 Nf5 28. Qf4 Qxf4 29. gxf4 Rd4 30. Ng4 Kg7 31. Rc1 Rxf4 32. Kg2 Rc4 33. Rb1 Nh4+ 34. Kg3 g5 35. Rd1 Nf5+ 36. Kg2 Rc2 37. Rd3 Rxb2 38. Ra3 b4 39. Rxa6 b3 40. axb3 Rxb3 41. Ra7 Rb5 42. Nh2 Nh4+ 43. Kf1 Rb3 44. Ng4 Rxh3 45. Ke2 Rb3 46. Ne3 Rb2+ 47. Kf1 Ng6 48. Nc4 Rb1+ 49. Kg2 Ne5 50. Nd6 Rb8 51. Ne4 Kg6 52. Nd6 Rd8 53. Ne4 f5 54. Ng3 Ng4 55. Ra2 f4 56. Ne4 Rd4 57. f3 Ne3+ 58. Kf2 Rc4 59. Ra7 Ng4+ 60. Ke2 Ne5 61. Rb7 g4 62. Nd6 Rd4 63. Nb5 gxf3+ 64. Ke1 Rb4 65. Nd6 Rxb7 66. Nxb7 Ng4 67. Nd6 e5 68. Kf1 f5 69. Nb5 e4 70. Nd4 Kf6 71. Nb3 Ke5 72. Nd2 Nh2+ 73. Kg1 e3 0-1

[Event "Budapest FS07 FM-B"]
[Site "Budapest"]
[Date "2011.07.05"]
[Round "4.3"]
[White "Zsembery, Aron"]
[Black "Fabian, Laszlo"]
[Result "1-0"]
[WhiteElo "1856"]
[BlackElo "1728"]
[PlyCount "83"]
[EventDate "2011.07.02"]
[EventType "tourn"]
[EventRounds "10"]
[EventCountry "HUN"]
[SourceTitle "CBM 143 Extra"]
[Source "ChessBase"]
[SourceDate "2011.08.29"]
[SourceVersion "1"]
[SourceVersionDate "2011.08.29"]
[SourceQuality "1"]

1. e4 e5 2. Nf3 Nc6 3. Bb5 Nf6 4. 0-0 a6 5. Ba4 Be7 6. Re1 b5 7. Bb3 0-0 8. c3 d6 9. h3 Na5 10. Bc2 c5 11. d4 cxd4 12. cxd4 Qc7 13. Nbd2 Bb7 14. d5 Rac8 15. Bd3 Ba8 16. Nf1 Nb7 17. Be3 Qd7 18. Ng3 Ne8 19. a4 Nc7 20. axb5 axb5 21. b4 Nd8 22. Qe2 Nb7 23. Bb6 g6 24. Bxc7 Qxc7 25. Bxb5 Qb6 26. Ra6 Qc7 27. Bc6 Bf6 28. Rea1 Bg7 29. Qa2 h6 30. Qe2 Rb8 31. R6a4 Rfc8 32. Qa2 Qd8 33. Nd2 h5 34. Nc4 h4 35. Ne2 f5 36. Ra3 fxe4 37. Nb6 e3 38. Nxc8 exf2+ 39. Kxf2 Rxc8 40. Rxa8 Qb6+ 41. Kf1 Rxa8 42. Qxa8+ 1-0

[Event "Budapest FS08 FM-C"]
[Site "Budapest"]
[Date "2009.08.11"]
[Round "11"]
[White "Fabian, Laszlo"]
[Black "Szoukup, Istvan"]
[Result "1-0"]
[WhiteElo "1777"]
[BlackElo "1783"]
[PlyCount "69"]
[EventDate "2009.08.01"]
[EventType "tourn"]
[EventRounds "13"]
[EventCountry "HUN"]
[SourceTitle "CBM 131 Extra"]
[Source "ChessBase"]
[SourceDate "2009.09.03"]
[SourceVersion "2"]
[SourceVersionDate "2009.09.16"]
[SourceQuality "1"]

1. e4 e5 2. Nc3 Nf6 3. Nf3 Nc6 4. Be2 Bb4 5. d3 d5 6. exd5 Nxd5 7. Bd2 Nxc3 8. Bxc3 Bxc3+ 9. bxc3 Bg4 10. h3 Bxf3 11. Bxf3 Qd7 12. 0-0 0-0 13. Rb1 b6 14. d4 Rad8 15. d5 Qf5 16. Re1 Ne7 17. c4 c5 18. Rb3 Rd6 19. Bg4 Qf4 20. Qe2 Ng6 21. g3 Qg5 22. h4 Qe7 23. Bh3 f5 24. h5 Nh8 25. Qxe5 Qxe5 26. Rxe5 g6 27. hxg6 hxg6 28. Rbe3 f4 29. gxf4 Rxf4 30. Re8+ Kg7 31. R3e7+ Rf7 32. Be6 Kf6 33. Bxf7 Nxf7 34. Rxa7 Ne5 35. Rf8+ 1-0

[Event "Budapest FS08 FM-C"]
[Site "Budapest"]
[Date "2009.08.09"]
[Round "9"]
[White "Fabian, Laszlo"]
[Black "Jorgensen, Orla Eilegaard"]
[Result "1-0"]
[WhiteElo "1777"]
[BlackElo "1660"]
[PlyCount "89"]
[EventDate "2009.08.01"]
[EventType "tourn"]
[EventRounds "13"]
[EventCountry "HUN"]
[SourceTitle "CBM 131 Extra"]
[Source "ChessBase"]
[SourceDate "2009.09.03"]
[SourceVersion "2"]
[SourceVersionDate "2009.09.16"]
[SourceQuality "1"]

1. e4 c5 2. Nc3 d6 3. f4 Nc6 4. Nf3 Bg4 5. Bb5 e6 6. a4 a6 7. Be2 Nf6 8. d3 Be7 9. 0-0 0-0 10. Be3 Qb6 11. Ra3 Rfe8 12. Rb3 Qc7 13. Ra3 Nb4 14. h3 Bxf3 15. Bxf3 Rab8 16. Ra1 b5 17. axb5 axb5 18. Bf2 Nc6 19. e5 Nd7 20. exd6 Bxd6 21. g3 b4 22. Ne4 Be7 23. Bg2 Ra8 24. Qd2 Ra7 25. c3 f5 26. Ng5 Bxg5 27. fxg5 bxc3 28. bxc3 Rea8 29. Rxa7 Rxa7 30. Rb1 Nce5 31. Qc2 Qd8 32. Qb3 Kf7 33. d4 c4 34. Qd1 Nd3 35. Qh5+ Kg8 36. Be3 g6 37. Qf3 Ra3 38. Qc6 Rxc3 39. Qxe6+ Kf8 40. Bd5 Kg7 41. Rb7 N3e5 42. Qxe5+ Kf8 43. Qh8+ Ke7 44. Qf6+ Ke8 45. Qf7# 1-0

[Event "Budapest FS08 FM-C"]
[Site "Budapest"]
[Date "2009.08.07"]
[Round "7"]
[White "Fabian, Laszlo"]
[Black "Kantor, Gergely"]
[Result "1-0"]
[WhiteElo "1777"]
[BlackElo "1732"]
[PlyCount "119"]
[EventDate "2009.08.01"]
[EventType "tourn"]
[EventRounds "13"]
[EventCountry "HUN"]
[SourceTitle "CBM 131 Extra"]
[Source "ChessBase"]
[SourceDate "2009.09.03"]
[SourceVersion "2"]
[SourceVersionDate "2009.09.16"]
[SourceQuality "1"]

1. e4 c5 2. Nc3 Nc6 3. Nf3 g6 4. d4 cxd4 5. Nxd4 Bg7 6. Be3 Nf6 7. Qd2 0-0 8. a3 d5 9. Nxc6 bxc6 10. 0-0-0 e6 11. h3 Nd7 12. exd5 cxd5 13. Bh6 Bb7 14. Bxg7 Kxg7 15. f4 Bc6 16. h4 h5 17. Rh3 Qb6 18. Ne2 Nc5 19. Qd4+ e5 20. Qxe5+ f6 21. Qd4 Rab8 22. b4 Ne4 23. Qxb6 axb6 24. Rf3 Rfd8 25. Nd4 Bd7 26. Re3 Kf7 27. b5 Ra8 28. Kb2 Bg4 29. Rde1 Re8 30. c4 Nd2 31. Rxe8 Rxe8 32. Rxe8 Kxe8 33. Bd3 dxc4 34. Bxg6+ Kf8 35. Kc3 Kg7 36. Bc2 Nf1 37. Kb4 Ne3 38. Be4 Kf7 39. a4 Ke7 40. f5 Kd6 41. Nc6 Bxf5 42. Bf3 Bg4 43. a5 Bxf3 44. gxf3 Kc7 45. a6 Nf5 46. Kxc4 Nxh4 47. Ne7 Kb8 48. Kd5 Nxf3 49. Nf5 Ne5 50. Kd6 Ka7 51. Kc7 Nc4 52. Ne7 h4 53. Nc8+ Ka8 54. Nxb6+ Nxb6 55. Kxb6 h3 56. Kc7 h2 57. b6 h1Q 58. b7+ Ka7 59. b8Q+ Kxa6 60. Qb6# 1-0

[Event "Budapest FS07 FM-C"]
[Site "Budapest"]
[Date "2009.07.10"]
[Round "7"]
[White "Fabian, Laszlo"]
[Black "Szoukup, Istvan"]
[Result "1/2-1/2"]
[WhiteElo "1777"]
[BlackElo "1783"]
[PlyCount "156"]
[EventDate "2009.07.04"]
[EventType "tourn"]
[EventRounds "7"]
[EventCountry "HUN"]
[SourceTitle "CBM 131 Extra"]
[Source "ChessBase"]
[SourceDate "2009.09.03"]
[SourceVersion "2"]
[SourceVersionDate "2009.09.16"]
[SourceQuality "1"]

1. e4 e5 2. Nc3 Nf6 3. Nf3 Nc6 4. Bb5 Nd4 5. Ba4 Bc5 6. d3 Nxf3+ 7. Qxf3 0-0 8. h3 c6 9. a3 d5 10. 0-0 Be6 11. Bg5 Be7 12. Bxf6 Bxf6 13. Bb3 dxe4 14. dxe4 Bxb3 15. cxb3 Qb6 16. b4 Rad8 17. Rad1 a5 18. Na4 Qb5 19. Nc3 Qb6 20. Na4 Qb5 21. Nc3 Qa6 22. bxa5 Qxa5 23. Qe2 Rd4 24. Qc2 Rfd8 25. Kh2 R8d7 26. Qe2 Qd8 27. Qg4 Rd2 28. Rxd2 Rxd2 29. Rd1 Rxd1 30. Nxd1 b5 31. Ne3 g6 32. Qe2 Bg5 33. g3 Qd4 34. Nd1 Qd2 35. Qxd2 Bxd2 36. b3 c5 37. Kg2 c4 38. bxc4 bxc4 39. Kf1 c3 40. Ke2 Bc1 41. Nxc3 Bxa3 42. g4 f6 43. Nd5 Kf7 44. Kd3 h5 45. f4 hxg4 46. hxg4 exf4 47. Nxf4 Bd6 48. Ne2 g5 49. Ke3 Be5 50. Kf3 Ke6 51. Ke3 Kd6 52. Kd3 Kc5 53. Nc1 Kb4 54. Ne2 Kc5 55. Nc1 Kd6 56. Nb3 Bf4 57. Na5 Ke5 58. Nc4+ Ke6 59. Ke2 Bc7 60. Kf3 Bf4 61. Nb6 Ke5 62. Nd5 Bd2 63. Ne7 Ke6 64. Nf5 Bf4 65. Nd4+ Ke5 66. Ne2 Bd2 67. Ng3 Bf4 68. Nh5 Bd2 69. Ng3 Bf4 70. Nh1 Kd4 71. Nf2 Be5 72. Nh3 Kd3 73. Ng1 Bb2 74. Ne2 Be5 75. Nc1+ Kc2 76. Ne2 Kd2 77. Ng1 Bd4 78. Ne2 Be5 1/2-1/2

[Event "Budapest FS07 FM-C"]
[Site "Budapest"]
[Date "2008.07.09"]
[Round "1.5"]
[White "Szentgyorgyi, Sandor"]
[Black "Fabian, Laszlo"]
[Result "0-1"]
[WhiteElo "1786"]
[BlackElo "1846"]
[PlyCount "62"]
[EventDate "2008.07.05"]
[EventType "tourn"]
[EventRounds "10"]
[EventCountry "HUN"]
[SourceTitle "EXT 2011"]
[Source "ChessBase"]
[SourceDate "2010.11.26"]
[SourceVersion "1"]
[SourceVersionDate "2010.11.26"]
[SourceQuality "1"]

1. h4 e5 2. d4 Nc6 3. dxe5 Nxe5 4. e4 Be7 5. Bf4 Ng6 6. Bg3 Nxh4 7. Bc4 Nh6 8. Nf3 Nxf3+ 9. Qxf3 0-0 10. Nc3 c6 11. Qh5 d5 12. exd5 Bg4 13. Qh2 Bg5 14. f3 Re8+ 15. Kf1 Bf5 16. Bb3 Rc8 17. d6 Qa5 18. Bc4 Rcd8 19. Bd3 Qc5 20. Ne4 Bxe4 21. Bxe4 Rxe4 22. fxe4 Qc4+ 23. Ke1 Qxe4+ 24. Kf1 Qc4+ 25. Ke1 Re8+ 26. Be5 Qe4+ 27. Kf1 Rxe5 28. g4 Qc4+ 29. Kg1 Qxg4+ 30. Qg2 Qd4+ 31. Kf1 Ng4 0-1

[Event "Budapest FS07 FM-C"]
[Site "Budapest"]
[Date "2008.07.08"]
[Round "1.4"]
[White "Fabian, Laszlo"]
[Black "Vaarala, Eric"]
[Result "0-1"]
[WhiteElo "1846"]
[BlackElo "1765"]
[PlyCount "68"]
[EventDate "2008.07.05"]
[EventType "tourn"]
[EventRounds "10"]
[EventCountry "HUN"]
[SourceTitle "EXT 2011"]
[Source "ChessBase"]
[SourceDate "2010.11.26"]
[SourceVersion "1"]
[SourceVersionDate "2010.11.26"]
[SourceQuality "1"]

1. e4 c5 2. Nc3 d6 3. Nf3 Nc6 4. d4 cxd4 5. Nxd4 g6 6. Be3 Bg7 7. Bb5 Bd7 8. Qd2 Nf6 9. f3 0-0 10. 0-0 a6 11. Be2 Rc8 12. Nxc6 Bxc6 13. Bd3 Nd7 14. Rab1 Nc5 15. Ne2 Nxd3 16. cxd3 d5 17. Ng3 Bb5 18. Rfd1 Ba4 19. Rdc1 d4 20. Bh6 Bxh6 21. Qxh6 Bc2 22. Ra1 Bxd3 23. Qd2 Rxc1+ 24. Rxc1 Bb5 25. f4 Qb6 26. Kh1 d3 27. b4 Rd8 28. Rc5 a5 29. a3 axb4 30. axb4 Qa6 31. h3 Qa1+ 32. Kh2 Ba4 33. Rc1 Qxc1 34. Qxc1 d2 0-1

[Event "Budapest FS02 FM-B"]
[Site "Budapest"]
[Date "2007.02.07"]
[Round "5"]
[White "Hitter, Gabriela"]
[Black "Fabian, Laszlo"]
[Result "1-0"]
[WhiteElo "1970"]
[BlackElo "1914"]
[PlyCount "85"]
[EventDate "2007.02.03"]
[EventType "tourn"]
[EventRounds "11"]
[EventCountry "HUN"]
[SourceTitle "CBM 116 Extra"]
[Source "ChessBase"]
[SourceDate "2007.03.07"]
[SourceVersion "1"]
[SourceVersionDate "2007.03.07"]
[SourceQuality "1"]

1. e4 e5 2. Nf3 Nc6 3. Bc4 Bc5 4. c3 Nf6 5. d3 d6 6. 0-0 h6 7. h3 0-0 8. Kh1 Be6 9. Bxe6 fxe6 10. Nbd2 Bb6 11. Nc4 Nh7 12. a4 a5 13. Nxb6 cxb6 14. Be3 Rf6 15. Nh2 Nf8 16. Qb3 Ra6 17. Qc2 Ng6 18. Ng4 Rf8 19. Qd2 Qh4 20. Nh2 Qh5 21. Qc2 Nf4 22. Qb3 Qg6 23. Bxf4 exf4 24. Nf3 Kh7 25. Rad1 e5 26. Qd5 Ra7 27. Rfe1 Qf6 28. d4 Rd8 29. dxe5 dxe5 30. Qb5 Raa8 31. Qxb6 Rac8 32. Qb5 Rxd1 33. Rxd1 Qg6 34. Qxb7 Rb8 35. Qc7 Rxb2 36. Rd6 Qxe4 37. Qxc6 Rb1+ 38. Kh2 Qe2 39. Qd7 Qc2 40. Rd2 Qe4 41. Nxe5 Rh1+ 42. Kxh1 f3 43. Nxf3 1-0

[Event "Budapest FS02 FM-B"]
[Site "Budapest"]
[Date "2007.02.05"]
[Round "3"]
[White "Palotas, Peter"]
[Black "Fabian, Laszlo"]
[Result "1-0"]
[WhiteElo "1842"]
[BlackElo "1914"]
[PlyCount "103"]
[EventDate "2007.02.03"]
[EventType "tourn"]
[EventRounds "11"]
[EventCountry "HUN"]
[SourceTitle "CBM 116 Extra"]
[Source "ChessBase"]
[SourceDate "2007.03.07"]
[SourceVersion "1"]
[SourceVersionDate "2007.03.07"]
[SourceQuality "1"]

1. d4 Nf6 2. c4 g6 3. g3 Bg7 4. Bg2 c6 5. Nf3 d6 6. Nc3 0-0 7. 0-0 Nbd7 8. e4 e5 9. h3 Ne8 10. Be3 h6 11. dxe5 dxe5 12. Bc5 Qf6 13. Bxf8 Nxf8 14. Qe2 g5 15. Nh2 Qg6 16. Ng4 Ne6 17. Ne3 Nd4 18. Qd3 h5 19. g4 hxg4 20. hxg4 Be6 21. Nf5 Bxf5 22. exf5 Qh6 23. Ne4 Rd8 24. Qh3 Ne2+ 25. Kh2 Nf4 26. Qxh6 Bxh6 27. Rad1 Rd4 28. Rxd4 exd4 29. Rd1 Bg7 30. Nxg5 Nd6 31. b3 c5 32. f3 Be5 33. Ne4 Nxe4 34. fxe4 f6 35. Kg3 Kg7 36. Kf3 Kh6 37. Rh1+ Kg7 38. a3 b6 39. Rd1 a5 40. Rh1 Nd3 41. Rh5 Nc1 42. g5 Nxb3 43. gxf6+ Bxf6 44. Kf4 Nd2 45. e5 Bd8 46. Bd5 Nf1 47. f6+ Bxf6 48. exf6+ Kxf6 49. Rh6+ Ke7 50. Rxb6 d3 51. Kf3 Nd2+ 52. Ke3 1-0

[Event "Budapest FS10 FM-B"]
[Site "Budapest"]
[Date "2006.10.11"]
[Round "5"]
[White "Fabian, Laszlo"]
[Black "Dobos, Otto"]
[Result "1/2-1/2"]
[WhiteElo "1895"]
[BlackElo "1866"]
[PlyCount "78"]
[EventDate "2006.10.07"]
[EventType "tourn"]
[EventRounds "11"]
[EventCountry "HUN"]
[SourceTitle "CBM 114 Extra"]
[Source "ChessBase"]
[SourceDate "2006.11.03"]
[SourceVersion "1"]
[SourceVersionDate "2006.11.03"]
[SourceQuality "1"]

1. e4 e5 2. Nf3 Nf6 3. Nc3 d6 4. h3 Be7 5. d4 exd4 6. Nxd4 0-0 7. Bd3 c5 8. Nf3 Nc6 9. a3 a6 10. Be3 Re8 11. 0-0 Bf8 12. Bg5 h6 13. Bxf6 Qxf6 14. Nd5 Qd8 15. c3 Ne5 16. Nxe5 dxe5 17. f4 Be6 18. f5 Bxd5 19. exd5 e4 20. Bc4 b5 21. Be2 Re5 22. c4 bxc4 23. Bxc4 e3 24. Qe2 Qf6 25. g4 Rae8 26. Rf3 a5 27. Rd1 Re4 28. b3 Rd4 29. Rxd4 cxd4 30. Bb5 Re7 31. Bd3 Qe5 32. Bc4 Qe4 33. f6 Re8 34. fxg7 Kxg7 35. Bd3 Qe5 36. Bc4 f6 37. Kh1 Qe4 38. Kg1 Qe5 39. Kh1 Qe4 1/2-1/2